000 00472nam a2200181 i 4500
001 bg
100 1 _aSZCZEPAŃSKI, Jan
245 0 _aElementarne pojęcia socjologii /
_cJan Szczepański.
260 _aWarszawa :
_bPańst. Wydaw. Naukowe,
_c1963.
300 _a236 s. ;
_c20 cm.
650 9 _aSocjologia
655 _aPodręczniki akademickie
040 _cBPK
041 _apol
080 _a316(075.8)
942 _cKS
008 s pl f |000 0 pol
999 _c10335
_d10335
856 _uhttp://koha.tu.koszalin.pl/cgi-bin/koha/opac-detail.pl?biblionumber=10335
_yKatalog online BPK